Spell the Marvel Character #70 - Statistics

General Stats
  • This quiz has been taken 38 times
  • The average score is 6 of 7
Answer Stats
Picture Answer % Correct
Ant-Man
100%
Iron Man
100%
Rocket Raccoon
96%
War Machine
96%
Nightcrawler
88%
Darwin
81%
Doc Samson
42%
No matching quizzes found
Score Distribution
Percent of People with Each Score
Percentile by Number Answered
Your Score History
You have not taken this quiz